|
|
|
|
| LEADER |
00976naa a2200241 i 4500 |
| 001 |
acta57376 |
| 005 |
20230616123432.0 |
| 008 |
190410s2018 hu o 1|| eng d |
| 020 |
|
|
|a 978-963-315-364-2
|
| 040 |
|
|
|a SZTE Egyetemi Kiadványok Repozitórium
|b hun
|
| 041 |
|
|
|a eng
|
| 245 |
0 |
0 |
|a Challenges in national and international economic policies
|h [elektronikus dokumentum]
|
| 260 |
|
|
|a JATEPress
|b Szeged
|c 2018
|
| 300 |
|
|
|a 197
|
| 490 |
0 |
|
|a Challenges in national and international economic policies
|
| 561 |
|
|
|a Gazdaságtudományi Kar kiadványai
|
| 650 |
|
4 |
|a Társadalomtudományok
|
| 650 |
|
4 |
|a Közgazdasági és gazdálkodástudományok
|
| 695 |
|
|
|a Gazdaságpolitika - nemzetközi - 21. sz.
|
| 700 |
0 |
1 |
|a Udvari Beáta
|
| 700 |
0 |
1 |
|a Voszka Éva
|
| 711 |
|
|
|a Challenges in national and international economic policies
|c Szeged
|d 2018
|
| 856 |
4 |
0 |
|u http://acta.bibl.u-szeged.hu/57376/1/challenges_in_national_and_international_economic_policies.pdf
|z Dokumentum-elérés
|